|
|
|
|
| LEADER |
01807nam a2200421 i 4500 |
| 001 |
EBC5301708 |
| 003 |
MiAaPQ |
| 005 |
20200520144314.0 |
| 006 |
m o d | |
| 007 |
cr cnu|||||||| |
| 008 |
180308t20172017pau ob 001 0 eng d |
| 020 |
|
|
|z 9781628253726
|
| 020 |
|
|
|a 9781628253733 (e-book)
|
| 035 |
|
|
|a (MiAaPQ)EBC5301708
|
| 035 |
|
|
|a (Au-PeEL)EBL5301708
|
| 035 |
|
|
|a (CaPaEBR)ebr11514268
|
| 035 |
|
|
|a (OCoLC)985966897
|
| 040 |
|
|
|a MiAaPQ
|b eng
|e rda
|e pn
|c MiAaPQ
|d MiAaPQ
|
| 050 |
|
4 |
|a HD69.P75
|b .F737 2017
|
| 082 |
0 |
|
|a 658.4
|2 23
|
| 100 |
1 |
|
|a Fraser, Iain,
|d 1955-
|e author.
|
| 245 |
1 |
4 |
|a The business of portfolio management :
|b boosting organizational value through portfolio management /
|c Iain Fraser.
|
| 264 |
|
1 |
|a Newtown Square, Pennsylvania :
|b Project Management Institute, Inc.,
|c 2017.
|
| 264 |
|
4 |
|c 2017
|
| 300 |
|
|
|a 1 online resource (184 pages)
|
| 336 |
|
|
|a text
|2 rdacontent
|
| 337 |
|
|
|a computer
|2 rdamedia
|
| 338 |
|
|
|a online resource
|2 rdacarrier
|
| 504 |
|
|
|a Includes bibliographical references and index.
|
| 588 |
|
|
|a Description based on print version record.
|
| 590 |
|
|
|a Electronic reproduction. Ann Arbor, MI : ProQuest, 2018. Available via World Wide Web. Access may be limited to ProQuest affiliated libraries.
|
| 650 |
|
0 |
|a Project management.
|
| 650 |
|
0 |
|a Organizational change.
|
| 650 |
|
0 |
|a Leadership.
|
| 655 |
|
4 |
|a Electronic books.
|
| 776 |
0 |
8 |
|i Print version:
|a Fraser, Iain, 1955-
|t Business of portfolio management : boosting organizational value through portfolio management.
|d Newtown Square, Pennsylvania : Project Management Institute, Inc., c2017
|h xiii, 166 pages
|z 9781628253726
|w 2017015585
|
| 797 |
2 |
|
|a ProQuest (Firm)
|
| 856 |
4 |
0 |
|u https://ebookcentral.proquest.com/lib/matrademy/detail.action?docID=5301708
|z Click to View
|